E-maintenance (Record no. 40592)

MARC details
000 -LEADER
fixed length control field 00790nam a2200217 a 4500
008 - FIXED-LENGTH DATA ELEMENTS--GENERAL INFORMATION
fixed length control field 190122s2010 ||||||||||||||||| || u
020 ## - INTERNATIONAL STANDARD BOOK NUMBER
International Standard Book Number 9781849962049
050 ## - LIBRARY OF CONGRESS CALL NUMBER
Classification number TS 192 Ema
100 ## - MAIN ENTRY--PERSONAL NAME
Personal name Mekid, Samir
245 10 - TITLE STATEMENT
Title E-maintenance
Statement of responsibility, etc. by Kenneth Holmberg; Adam Adgar; Aitor Arnaiz; Erkki Jantunen; Julien Mascolo and Samir Mekid
260 ## - PUBLICATION, DISTRIBUTION, ETC.
Place of publication, distribution, etc. London:
Name of publisher, distributor, etc. Springer
Date of publication, distribution, etc. 2010
300 ## - PHYSICAL DESCRIPTION
Extent xxv, 511p.: ill.
350 ## - PRICE (NR) (BK AM CF MU VM SE) [OBSOLETE]
Price 187.87
650 ## - SUBJECT ADDED ENTRY--TOPICAL TERM
Topical term or geographic name entry element PLANT MAINTENANCE--DATA PROCESSING
700 ## - ADDED ENTRY--PERSONAL NAME
Personal name Arnaiz, Aitor
700 ## - ADDED ENTRY--PERSONAL NAME
Personal name Adgar, Adam
700 ## - ADDED ENTRY--PERSONAL NAME
Personal name Mascolo, Julien
700 ## - ADDED ENTRY--PERSONAL NAME
Personal name Jantunen, Erkki
700 ## - ADDED ENTRY--PERSONAL NAME
Personal name Holmberg, Kenneth
995 ## - RECOMMENDATION 995 [LOCAL, UNIMARC FRANCE]
-- CBU-MAIN LIBRARY (Kitwe)
-- 187.87
-- 1
-- AVAILABLE
-- Jan 23, 2019
-- Main Library Open Access Collection
Holdings
Withdrawn status Lost status Source of classification or shelving scheme Damaged status Not for loan Home library Current library Shelving location Date acquired Total Checkouts Full call number Barcode Date last seen Price effective from Koha item type
          CBU-MAIN LIBRARY, KITWE. CBU-MAIN LIBRARY, KITWE.   11/30/2022   TS 192 Ema 748828 11/30/2022 11/30/2022 MONOGRAPH